History Quiz

Random History or Year Quiz
Score 0/39 Timer 06:00
0 Plays Today
Year/s President % Correct
2008, 2012Barack Obama
92.8%
2000, 2004George W. Bush
92.6%
1932, 1936, 1940, 1944Franklin Roosevelt
90.7%
1992, 1996Bill Clinton
90.4%
2016Donald Trump
89.1%
1960John F. Kennedy
88.5%
1980, 1984Ronald Reagan
88.4%
1988George H. W. Bush
88%
1968, 1972Richard Nixon
87.3%
1976Jimmy Carter
87.2%
1796John Adams
86.4%
1789, 1792George Washington
86.3%
1964Lyndon B. Johnson
86.2%
1952, 1956Dwight D. Eisenhower
85%
1860, 1864Abraham Lincoln
83.7%
1948Harry S. Truman
83.3%
1800, 1804Thomas Jefferson
81%
1912, 1916Woodrow Wilson
80.1%
1928Herbert Hoover
78.7%
1808, 1812James Madison
76.2%
Year/s President % Correct
1904Theodore Roosevelt
75.7%
1924Calvin Coolidge
74.4%
1868, 1872Ulysses S. Grant
73.1%
1816, 1820James Monroe
71.5%
1908William Taft
70.7%
1884, 1892Grover Cleveland
69.1%
1896, 1900William McKinley
69%
1920Warren G. Harding
68.9%
1828, 1832Andrew Jackson
68.3%
1824John Quincy Adams
65.3%
1856James Buchanan
62.4%
1844James K. Polk
60.5%
1836Martin Van Buren
59.6%
1840William Henry Harrison
58.5%
1852Franklin Pierce
58.2%
1848Zachary Taylor
58.1%
1880James Garfield
57%
1888Benjamin Harrison
56.8%
1876Rutherford B. Hayes
56.5%

You're not logged in!

Compare scores with friends on all Sporcle quizzes.
OR
Log In

Sporcle TV

Today on Sporcle TV


Watch our educational content, quiz creation guides, and fun videos on Sporcle TV.

Show Comments

Extras

Top Quizzes Today


Score Distribution

Your Account Isn't Verified!

In order to create a playlist on Sporcle, you need to verify the email address you used during registration. Go to your Sporcle Settings to finish the process.

Report this User

Report this user for behavior that violates our Community Guidelines.

Details: